Aktuálne otázky a prístupy k riešeniu problémov vyvolaných finančnou krízou
Reforma finančných trhov. Riziká nemeckých bánk. Hlavné faktory a tendencie vývoja bankového trhu v SR a prejavy finančnej krízy. Integrácia medzibankového peňažného trhu SR. Zmena trhu dlžníkov na trh veriteľov. Prejavy finančnej krízy v českom bankovom sektore.
Uložené v:
| Hlavný autor: | |
|---|---|
| Ďalší autori: | , , |
| Médium: | Kapitola |
| Jazyk: | Slovak Czech |
| Predmet: | |
| Tagy: |
Žiadne tagy, Buďte prvý, kto otaguje tento záznam!
|
MARC
| LEADER | 00000nla a2200000 4500 | ||
|---|---|---|---|
| 001 | 0160886 | ||
| 005 | 20240502072807.5 | ||
| 041 | 0 | |a slo | |
| 041 | 0 | |a cze | |
| 044 | |a SK | ||
| 245 | 1 | 0 | |a Aktuálne otázky a prístupy k riešeniu problémov vyvolaných finančnou krízou |c Eva Horvátová, J. Hvozdenská, J. Krajíček, D. Pánek |
| 520 | |a Reforma finančných trhov. Riziká nemeckých bánk. Hlavné faktory a tendencie vývoja bankového trhu v SR a prejavy finančnej krízy. Integrácia medzibankového peňažného trhu SR. Zmena trhu dlžníkov na trh veriteľov. Prejavy finančnej krízy v českom bankovom sektore. | ||
| 610 | 2 | 0 | |a trh finančný |
| 610 | 2 | 0 | |a kríza finančná |
| 610 | 2 | 0 | |a banky |
| 610 | 2 | 0 | |a úver bankový |
| 610 | 2 | 0 | |a reformy |
| 610 | 2 | 0 | |a Slovensko |
| 610 | 2 | 0 | |a Česko |
| 610 | 2 | 0 | |a svet |
| 100 | 1 | |a Horvátová, Eva, 1958- | |
| 700 | 1 | |a Hvozdenská, Jana | |
| 700 | 1 | |a Krajíček, J. | |
| 700 | 1 | |a Pánek, D. | |